Dosage calculations for nurses / (رقم التسجيلة. 26630)

تفاصيل مارك
000 -الفاتح
حقل البيانات ثابتة الطول 01737cam a22003738a 4500
001 - رقم الضبط
رقم الضبط 15788570
003 - محدد رقم الضبط
رقم الضبط OSt
005 - وقت وتاريخ اخر تعامل مع التسجيلة
رقم الضبط 20150408114107.0
008 - عناصر البيانات ثابتة الطول - معلومات عامة
حقل البيانات ثابتة الطول 090623s2010 enk b 001 0 eng
010 ## - رقم ضبط مكتبة الكونجرس
رقم ضبط مكتبة الكونجرس 2009025898
020 ## - الرقم الدولى المعيارى للكتب
الرقم الدولى المعيارى للكتاب 9780132068840 (pbk.)
035 ## - رقم ضبط النظام
رقم ضبط النظام (DNLM)101508938
040 ## - مصدر الفهرسة
وكالة الفهرسة الأصلية DNLM/DLC
وكالة النسخ DLC
042 ## - رمز التحقق
رمز التحقق pcc
050 00 - رقم طلب مكتبة الكونجرس
رقم التصنيف RS57
رقم المادة .D6695 2010
060 10 - رقم الطلب بالمكتبة الطبية الوطنية
رقم التصنيف QV 18.2
رقم المادة D722 2010
082 00 - رقم تصنيف ديوى العشرى
رقم التصنيف 615.1401513
رقم الطبعة 22
رقم المادة DOC
245 00 - بيان العنوان
العنوان Dosage calculations for nurses /
بيان المسئوليه,etc June L. Olsen ... [et al.].
260 ## - PUBLICATION, DISTRIBUTION, ETC. (IMPRINT)
مكان الناشر او الموزع Harlow, England ;
-- New York :
اسم الناشر او الموزع Financial Times/Prentice Hall,
تاريخ النشر أو التوزيع 2010.
263 ## - تاريخ النشر المتوقع
تاريخ النشر المتوقع 0910
300 ## - الوصف المادى
التعداد p. ;
أبعاد الوعاء cm.
504 ## - تبصرة ببليوجرافية
تبصرة ببليوجرافية,الخ Includes bibliographical references and index.
505 0# - تبصرة محتويات-الفهرس
تبصرة المحتويات المصاغة Review of arithmetic skills for medical dosage calculations -- Safe and accurate drug administration -- Changing units of measurements -- The metric measurement system -- Calculating oral medication doses -- Syringes -- Solutions and drug strengths or concentrations -- Parenteral medications -- Calculating flow rates and durations of enteral and intravenous infusions -- Calculating flow rates for intravenous medications -- Calculating paediatric dosages.
650 #0 - المدخل الاضافى بالموضوع-مصطلح موضوعى
مصطلح موضوعي أو اسم جغرافي كعنصر مدخل Pharmaceutical arithmetic.
650 #0 - المدخل الاضافى بالموضوع-مصطلح موضوعى
مصطلح موضوعي أو اسم جغرافي كعنصر مدخل Nursing
التقسيم الفرعي العام Mathematics.
9 (RLIN) 18988
650 12 - المدخل الاضافى بالموضوع-مصطلح موضوعى
مصطلح موضوعي أو اسم جغرافي كعنصر مدخل Pharmaceutical Preparations
التقسيم الفرعي العام administration & dosage
التقسيم الفرعي الشكلي Nurses' Instruction.
9 (RLIN) 10856
650 12 - المدخل الاضافى بالموضوع-مصطلح موضوعى
مصطلح موضوعي أو اسم جغرافي كعنصر مدخل Pharmaceutical Preparations
التقسيم الفرعي العام administration & dosage
التقسيم الفرعي الشكلي Problems and Exercises.
9 (RLIN) 18989
650 22 - المدخل الاضافى بالموضوع-مصطلح موضوعى
مصطلح موضوعي أو اسم جغرافي كعنصر مدخل Mathematics
التقسيم الفرعي الشكلي Nurses' Instruction.
9 (RLIN) 18990
650 22 - المدخل الاضافى بالموضوع-مصطلح موضوعى
مصطلح موضوعي أو اسم جغرافي كعنصر مدخل Mathematics
التقسيم الفرعي الشكلي Problems and Exercises.
9 (RLIN) 18991
700 1# - المدخل الاضافى - اسم شخصى
الإسم الشخصى Olsen, June Looby.
9 (RLIN) 11494
906 ## - عنصر بيانات محلى F, LDF (RLIN)
a 7
b cbc
c orignew
d 1
e ecip
f 20
g y-gencatlg
942 ## - عناصر المدخل الإضافي( كوها)
مصدر التصنيف او مخطط الترفيف Dewey Decimal Classification
Koha [default] item type DVD
المقتنيات
حالة الفقد نموذج السعر الفعال حالة تلف ليس للاعارة رقم الطلب تاريخ الاكتساب الموقع الحالي الباركود الفرع الرئيسي Date last seen نوع المادة فى نظام كوها مصدر التصنيف او خطة الترفيف Total Checkouts
  2013-03-10     615.1401513 DOC 2012-12-27 المكتبة المركزية بالمجمعة (CL) 00400516 المكتبة المركزية بالمجمعة (CL) 2013-03-10 كتاب Dewey Decimal Classification  
  2013-03-10     615.1401513 DOC 2012-12-27 المكتبة المركزية بالمجمعة (CL) 00400517 المكتبة المركزية بالمجمعة (CL) 2013-03-10 كتاب Dewey Decimal Classification  
  2013-03-10     615.1401513 DOC 2012-12-27 المكتبة المركزية بالمجمعة (CL) 00400518 المكتبة المركزية بالمجمعة (CL) 2013-03-10 كتاب Dewey Decimal Classification